[Event "8. Open de Calvia de Aficionados 2011"]
[Site "Calvià ESP"]
[Date "2011.10.08"]
[Round "1.1"]
[White "Myhrvold, Jo"]
[Black "Chueca Forcen, Alberto"]
[Result "0-1"]
[WhiteElo "1971"]
[BlackElo "2296"]
[PlyCount "50"]
[EventDate "2011.10.08"]
[EventType "swiss"]
[EventRounds "9"]
[EventCountry "ESP"]
[Source "lmi"]
[SourceDate "2011.10.08"]

1. e4 Nf6 2. e5 Nd5 3. c4 Nb6 4. d4 d6 5. exd6 exd6 6. Nc3 Be7 7. Nf3 O-O 8.
Be3 Bf5 9. Bd3 Qd7 10. O-O Nc6 11. b3 Bf6 12. Rc1 Rfe8 13. Ne2 d5 14. c5 Nc8
15. Ng3 Bg4 16. Be2 N8e7 17. h3 Bxf3 18. Bxf3 g6 19. Bg4 Qd8 20. Be2 h5 21.
Nxh5 gxh5 22. Bxh5 Ng6 23. Qg4 Re4 24. Qf5 Kg7 25. Bf3 Nxd4 0-1

[Event "8. Open de Calvia de Aficionados 2011"]
[Site "Calvià ESP"]
[Date "2011.10.08"]
[Round "1.2"]
[White "Garcia Del Rey, Senen"]
[Black "Porfireanu, Serban"]
[Result "1-0"]
[WhiteElo "2295"]
[BlackElo "1954"]
[PlyCount "71"]
[EventDate "2011.10.08"]
[EventType "swiss"]
[EventRounds "9"]
[EventCountry "ESP"]
[Source "lmi"]
[SourceDate "2011.10.08"]

1. c4 Nf6 2. g3 g6 3. Bg2 Bg7 4. Nc3 O-O 5. e4 d6 6. Nge2 e5 7. O-O Nc6 8. d3
Bg4 9. h3 Bd7 10. Be3 h5 11. Qd2 Kh7 12. Bg5 Ne7 13. f4 Qc8 14. fxe5 Nfg8 15.
exd6 cxd6 16. Kh2 Nc6 17. d4 Na5 18. b3 Nc6 19. Bf4 h4 20. Bxd6 Bh6 21. Qd3 f5
22. e5 f4 23. gxf4 Nce7 24. d5 Rf5 25. Ne4 Qf8 26. e6 Be8 27. Be5 Rxe5 28. fxe5
Nf5 29. Nd4 Qg7 30. Nf6+ Nxf6 31. Nxf5 Ng4+ 32. hxg4 Qxe5+ 33. Kh3 Bf8 34. Rae1
Qc7 35. e7 gxf5 36. exf8=Q 1-0

[Event "8. Open de Calvia de Aficionados 2011"]
[Site "Calvià ESP"]
[Date "2011.10.08"]
[Round "1.3"]
[White "Gomez Olivares, Alejandro"]
[Black "Perez Lopez, Jesus Maria"]
[Result "0-1"]
[WhiteElo "1947"]
[BlackElo "2280"]
[PlyCount "64"]
[EventDate "2011.10.08"]
[EventType "swiss"]
[EventRounds "9"]
[EventCountry "ESP"]
[Source "lmi"]
[SourceDate "2011.10.08"]

1. d4 d5 2. c4 c6 3. Nc3 Nf6 4. Nf3 a6 5. c5 g6 6. Bf4 Bg7 7. e3 O-O 8. Bd3
Nbd7 9. Qc2 Ne8 10. h4 e5 11. Nxe5 Nxe5 12. Bxe5 Bxe5 13. dxe5 Qe7 14. Ne2 Qxe5
15. O-O-O Ng7 16. Nd4 Bg4 17. Rde1 Rae8 18. a4 Qf6 19. f3 Bc8 20. Nb3 Bf5 21.
Nd4 Bxd3 22. Qxd3 Re5 23. Ne2 Qe7 24. Ng3 Qxc5+ 25. Qc3 Qxc3+ 26. bxc3 Rfe8 27.
Kd2 Nf5 28. Nf1 h5 29. g4 hxg4 30. fxg4 Nd6 31. Rh3 Re4 32. g5 Rxa4 0-1

[Event "8. Open de Calvia de Aficionados 2011"]
[Site "Calvià ESP"]
[Date "2011.10.08"]
[Round "1.4"]
[White "Matthiesen, Martin"]
[Black "Cerdo Fernandez, Miguel"]
[Result "1-0"]
[WhiteElo "2277"]
[BlackElo "1938"]
[PlyCount "56"]
[EventDate "2011.10.08"]
[EventType "swiss"]
[EventRounds "9"]
[EventCountry "ESP"]
[Source "lmi"]
[SourceDate "2011.10.08"]

1. d4 Nf6 2. c4 c5 3. d5 e6 4. Nc3 exd5 5. cxd5 d6 6. e4 g6 7. h3 Bg7 8. Nf3
O-O 9. Bd3 a6 10. a4 Nbd7 11. O-O Qc7 12. Bf4 Re8 13. Re1 Rb8 14. Qd2 c4 15.
Bc2 b5 16. axb5 axb5 17. Nd4 Qc5 18. Nc6 b4 19. Na4 c3 20. bxc3 bxc3 21. Qd1
Qc4 22. Nxb8 Nxb8 23. Bxd6 Nbd7 24. e5 Nh5 25. Re4 Qa6 26. Nxc3 Qb6 27. Ba4 Bf8
28. Nb1 Nb8 1-0

[Event "8. Open de Calvia de Aficionados 2011"]
[Site "Calvià ESP"]
[Date "2011.10.08"]
[Round "1.5"]
[White "Passchyn, Maarten"]
[Black "Sanchez Jerez, Emilio Miguel"]
[Result "0-1"]
[WhiteElo "1914"]
[BlackElo "2275"]
[PlyCount "78"]
[EventDate "2011.10.08"]
[EventType "swiss"]
[EventRounds "9"]
[EventCountry "ESP"]
[Source "lmi"]
[SourceDate "2011.10.08"]

1. d4 d6 2. c4 Nf6 3. Nc3 g6 4. e4 Bg7 5. f3 O-O 6. Be3 Nc6 7. Qd2 a6 8. Bd3 e5
9. d5 Nd4 10. Nge2 Nh5 11. O-O c5 12. g4 Nf6 13. Ng3 Rb8 14. Rab1 Kh8 15. b4
cxb4 16. Rxb4 Ng8 17. Nce2 Ne7 18. Nxd4 exd4 19. Bh6 Bxh6 20. Qxh6 Bd7 21. Rfb1
Ng8 22. Qf4 Qc7 23. Rb6 f5 24. Qxd6 Qxd6 25. Rxd6 fxe4 26. Bxe4 Ba4 27. Rdb6
Rbc8 28. Rc1 Nf6 29. Rxb7 Nxe4 30. fxe4 d3 31. Rb2 Rc5 32. Rd2 Bc2 33. d6 Rd8
34. Re1 Rxd6 35. Kf2 Rxc4 36. Ke3 Kg7 37. Rf2 Ra4 38. Ra1 Ra3 39. e5 d2+ 0-1

[Event "8. Open de Calvia de Aficionados 2011"]
[Site "Calvià ESP"]
[Date "2011.10.08"]
[Round "1.7"]
[White "Escalante Ortega, Fernando"]
[Black "Scharrer, Patrick"]
[Result "0-1"]
[WhiteElo "1907"]
[BlackElo "2269"]
[PlyCount "48"]
[EventDate "2011.10.08"]
[EventType "swiss"]
[EventRounds "9"]
[EventCountry "ESP"]
[Source "lmi"]
[SourceDate "2011.10.08"]

1. e4 g6 2. d4 Bg7 3. f4 c5 4. Nf3 cxd4 5. Nxd4 Nc6 6. Nf3 d6 7. c3 Nf6 8. Bd3
O-O 9. O-O b5 10. Qe2 b4 11. cxb4 Nxb4 12. Bc4 d5 13. exd5 Nbxd5 14. Ne5 Bb7
15. b3 Nh5 16. f5 Qc7 17. Nxg6 hxg6 18. fxg6 fxg6 19. Bb2 Qc5+ 20. Kh1 Rxf1+
21. Qxf1 Bxb2 22. Qe2 Bxa1 23. Qe6+ Kg7 24. Nd2 Qe3 0-1

[Event "8. Open de Calvia de Aficionados 2011"]
[Site "Calvià ESP"]
[Date "2011.10.08"]
[Round "1.8"]
[White "Donovan, Linton"]
[Black "Kopischke, Maik"]
[Result "1-0"]
[WhiteElo "2262"]
[BlackElo "1902"]
[PlyCount "125"]
[EventDate "2011.10.08"]
[EventType "swiss"]
[EventRounds "9"]
[EventCountry "ESP"]
[Source "lmi"]
[SourceDate "2011.10.08"]

1. e4 d6 2. d4 Nf6 3. Nc3 g6 4. f3 Bg7 5. Be3 c6 6. Qd2 Qa5 7. Bc4 b5 8. Bb3
Nbd7 9. Nge2 c5 10. a3 c4 11. Ba2 Bb7 12. d5 O-O 13. O-O Rac8 14. Nd4 a6 15.
Qf2 Ne5 16. Nc6 Qc7 17. Bb6 Qd7 18. Nb4 Nh5 19. f4 Ng4 20. Qf3 a5 21. Bxa5 Bd4+
22. Kh1 Ra8 23. Nc6 Bxc6 24. dxc6 Qxc6 25. Qxg4 Rxa5 26. Nd5 Ra7 27. c3 Bc5 28.
Qh4 Qd7 29. Rae1 e6 30. Qxh5 f5 31. Qe2 exd5 32. exd5 Qf7 33. Qe6 Qxe6 34. Rxe6
Rff7 35. Rfe1 Kf8 36. Re8+ Kg7 37. Bb1 Kf6 38. R8e6+ Kg7 39. g3 Rf6 40. R6e2
Rff7 41. Kg2 Kf8 42. Re8+ Kg7 43. Kf3 Kf6 44. R8e6+ Kg7 45. h3 Kf8 46. Re8+ Kg7
47. g4 fxg4+ 48. hxg4 Rf8 49. R8e6 Raf7 50. f5 gxf5 51. Bxf5 Rxf5+ 52. gxf5
Rxf5+ 53. Kg4 Rxd5 54. Re7+ Kf8 55. Rxh7 Rd2 56. Ree7 Rxb2 57. Ref7+ Kg8 58.
Rfg7+ Kf8 59. Rb7 Kg8 60. Rhg7+ Kf8 61. Rgf7+ Ke8 62. Rh7 Rg2+ 63. Kh3 1-0

[Event "8. Open de Calvia de Aficionados 2011"]
[Site "Calvià ESP"]
[Date "2011.10.08"]
[Round "1.9"]
[White "Boix Pons, Catalina"]
[Black "Rodriguez Fontecha, Marcos"]
[Result "0-1"]
[WhiteElo "1900"]
[BlackElo "2244"]
[PlyCount "76"]
[EventDate "2011.10.08"]
[EventType "swiss"]
[EventRounds "9"]
[EventCountry "ESP"]
[Source "lmi"]
[SourceDate "2011.10.08"]

1. d4 d5 2. Nf3 Nf6 3. c4 c6 4. Nc3 dxc4 5. a4 Bg4 6. e3 Nbd7 7. Bxc4 e6 8. O-O
Be7 9. e4 O-O 10. e5 Nd5 11. Nxd5 exd5 12. Be2 f6 13. Re1 Bb4 14. Bd2 Qa5 15.
Bxb4 Qxb4 16. h3 Bxf3 17. Bxf3 fxe5 18. dxe5 Nc5 19. e6 Rae8 20. Bg4 Qxb2 21.
Re2 Qf6 22. Rb1 Re7 23. Qe1 Nd3 24. Qd2 Nf4 25. Re3 h5 26. Bf3 Nxh3+ 27. gxh3
Qg6+ 28. Kh2 Qxb1 29. Bxh5 Rf6 30. Bf7+ Kh8 31. Re5 Rexf7 32. exf7 Rxf7 33.
Re8+ Kh7 34. Qd4 Qg6 35. Re1 Qd6+ 36. Kh1 Qf4 37. Qd3+ Qf5 38. Qd1 Qxh3+ 0-1

[Event "8. Open de Calvia de Aficionados 2011"]
[Site "Calvià ESP"]
[Date "2011.10.08"]
[Round "1.10"]
[White "Galiana Salom, Juan Ramon"]
[Black "Rubio Mancebon, Pedro Jose"]
[Result "1-0"]
[WhiteElo "2236"]
[BlackElo "1884"]
[PlyCount "101"]
[EventDate "2011.10.08"]
[EventType "swiss"]
[EventRounds "9"]
[EventCountry "ESP"]
[Source "lmi"]
[SourceDate "2011.10.08"]

1. e4 c6 2. d4 d5 3. Nc3 dxe4 4. Nxe4 Bf5 5. Ng3 Bg6 6. h4 h6 7. Nh3 Nf6 8. Nf4
Bh7 9. Bc4 Nd5 10. Qe2 Nxf4 11. Bxf4 Nd7 12. O-O Nf6 13. Rfe1 Nd5 14. Bxd5 cxd5
15. c4 e6 16. cxd5 Qxd5 17. Qg4 Rg8 18. Rad1 Be7 19. Re5 Qxa2 20. d5 Rd8 21.
dxe6 Rxd1+ 22. Qxd1 fxe6 23. Qh5+ Kf8 24. Qf3 Bf6 25. Rb5 b6 26. Bd6+ Ke8 27.
Qc6+ Kd8 28. Qc7+ Ke8 29. Nh5 Bxh4 30. Nxg7+ Rxg7 31. Qxg7 Qb1+ 32. Kh2 Qd3 33.
Qe5 Bf5 34. Rb4 Bf6 35. Qf4 Bg5 36. Qd4 Qxd4 37. Rxd4 Bf6 38. Rd2 Bg5 39. f4
Bf6 40. Kg3 Be7 41. Bxe7 Kxe7 42. Kh4 h5 43. Kxh5 a5 44. g4 Be4 45. Kh6 b5 46.
g5 Kf7 47. Rd7+ Ke8 48. Ra7 a4 49. g6 Kf8 50. g7+ Kg8 51. Rd7 1-0

[Event "8. Open de Calvia de Aficionados 2011"]
[Site "Calvià ESP"]
[Date "2011.10.08"]
[Round "1.11"]
[White "Moreno Mateos, Jose Luis"]
[Black "Diaz Nunez, Adolfo"]
[Result "0-1"]
[WhiteElo "1878"]
[BlackElo "2229"]
[PlyCount "42"]
[EventDate "2011.10.08"]
[EventType "swiss"]
[EventRounds "9"]
[EventCountry "ESP"]
[Source "lmi"]
[SourceDate "2011.10.08"]

1. d4 d5 2. c4 c6 3. Nc3 Nf6 4. Bg5 dxc4 5. a4 Nd5 6. e4 Nxc3 7. bxc3 b5 8. Be2
a6 9. Nf3 g6 10. O-O Bg7 11. Qc1 O-O 12. Rd1 Bb7 13. d5 cxd5 14. axb5 axb5 15.
Rxa8 Bxa8 16. Qa3 f6 17. Qxa8 fxg5 18. Rxd5 Qb6 19. Nd4 Bxd4 20. cxd4 Na6 21.
Bxc4 bxc4 0-1

[Event "8. Open de Calvia de Aficionados 2011"]
[Site "Calvià ESP"]
[Date "2011.10.08"]
[Round "1.12"]
[White "Sokalsky, Alexander"]
[Black "Caballero Gomez-Casero, Emilio"]
[Result "1-0"]
[WhiteElo "2226"]
[BlackElo "1873"]
[PlyCount "109"]
[EventDate "2011.10.08"]
[EventType "swiss"]
[EventRounds "9"]
[EventCountry "ESP"]
[Source "lmi"]
[SourceDate "2011.10.08"]

1. Nf3 Nf6 2. b3 g6 3. Bb2 Bg7 4. c4 O-O 5. g3 d6 6. Bg2 c6 7. O-O e5 8. d3 Re8
9. Qc2 Nbd7 10. Nc3 Nf8 11. Rac1 Bg4 12. h3 Bd7 13. Ne4 Nxe4 14. dxe4 Qc7 15.
Rfd1 Bh6 16. e3 Rad8 17. c5 dxc5 18. Qxc5 Bg7 19. b4 Ne6 20. Bxe5 Qc8 21. Qc2
Ng5 22. Bxg7 Nxf3+ 23. Bxf3 Kxg7 24. h4 Bg4 25. Rxd8 Rxd8 26. Bxg4 Qxg4 27. Kg2
Qe6 28. Qc4 Qe5 29. Qc3 Kf6 30. g4 Qxc3 31. Rxc3 Rd2 32. a3 Ke5 33. Kf3 h6 34.
Rc5+ Ke6 35. Kg3 Rd3 36. a4 Ra3 37. b5 Rxa4 38. bxc6 bxc6 39. Rxc6+ Kd7 40. Rc5
Kd6 41. Rd5+ Ke6 42. f3 Ra3 43. Rc5 Kd6 44. Rb5 Kc6 45. Rb8 Kd6 46. Rh8 Ke6 47.
Rxh6 Kf6 48. h5 Kg7 49. g5 Rxe3 50. hxg6 fxg6 51. Rh1 Ra3 52. Rb1 Kf7 53. Rb7+
Ke6 54. Rg7 a5 55. Rxg6+ 1-0

[Event "8. Open de Calvia de Aficionados 2011"]
[Site "Calvià ESP"]
[Date "2011.10.08"]
[Round "1.13"]
[White "Navarrete Abraham, Jorge"]
[Black "Tscharotschkin, Michael"]
[Result "0-1"]
[WhiteElo "1862"]
[BlackElo "2223"]
[PlyCount "59"]
[EventDate "2011.10.08"]
[EventType "swiss"]
[EventRounds "9"]
[EventCountry "ESP"]
[Source "lmi"]
[SourceDate "2011.10.08"]

1. c4 c6 2. Nf3 d5 3. g3 Nd7 4. Bg2 e5 5. d4 e4 6. Ne5 Bd6 7. cxd5 cxd5 8. Nc3
Ngf6 9. Nxd7 Bxd7 10. Bg5 Be6 11. O-O Be7 12. Rc1 O-O 13. Qb3 Qb6 14. Qxb6 axb6
15. b3 h6 16. Bd2 b5 17. Rc2 b4 18. Nd1 Ra3 19. Ne3 Rfa8 20. Rb1 Rxa2 21. Rcb2
R2a6 22. Nc2 Rb6 23. Bf1 Bd7 24. Kg2 Ne8 25. h3 Nc7 26. e3 Bb5 27. Kh2 Bxf1 28.
Rxf1 Na6 29. Rc1 Rc6 30. Ra1 0-1

[Event "8. Open de Calvia de Aficionados 2011"]
[Site "Calvià ESP"]
[Date "2011.10.08"]
[Round "1.14"]
[White "Van Den Bersselaar, Jeroen"]
[Black "Septien Lopez, Valeriano"]
[Result "1-0"]
[WhiteElo "2211"]
[BlackElo "1846"]
[PlyCount "91"]
[EventDate "2011.10.08"]
[EventType "swiss"]
[EventRounds "9"]
[EventCountry "ESP"]
[Source "lmi"]
[SourceDate "2011.10.08"]

1. d4 d5 2. c4 dxc4 3. e3 c5 4. Bxc4 cxd4 5. exd4 Nf6 6. Nf3 e6 7. O-O Be7 8.
Nc3 O-O 9. Re1 a6 10. Bb3 Nc6 11. a3 Qc7 12. Bg5 Rd8 13. Rc1 Ng4 14. Bxe7 Qxe7
15. d5 e5 16. Qe2 Na5 17. Ba2 Qd6 18. h3 Nf6 19. b4 b5 20. bxa5 Bb7 21. Qxe5
Qxa3 22. Qe7 Qxa5 23. Qxb7 b4 24. d6 bxc3 25. Qxf7+ Kh8 26. Re7 Rg8 27. Bb1 Qa3
28. Rd1 Qa4 29. Rc1 Qa3 30. Ree1 Qxd6 31. Rxc3 Raf8 32. Qc4 a5 33. Ng5 Qd2 34.
Rce3 Nd5 35. Qh4 h6 36. Ne4 Qd4 37. Rd3 Qb4 38. f3 Nf4 39. Rdd1 Qb3 40. Qf2
Nxh3+ 41. gxh3 Rxf3 42. Ba2 Qa3 43. Qg2 Rgf8 44. Rd7 g5 45. h4 Qb4 46. Qd2 1-0

[Event "8. Open de Calvia de Aficionados 2011"]
[Site "Calvià ESP"]
[Date "2011.10.08"]
[Round "1.15"]
[White "Fullana Benito, David"]
[Black "Spence, David J"]
[Result "0-1"]
[WhiteElo "1845"]
[BlackElo "2199"]
[PlyCount "56"]
[EventDate "2011.10.08"]
[EventType "swiss"]
[EventRounds "9"]
[EventCountry "ESP"]
[Source "lmi"]
[SourceDate "2011.10.08"]

1. d4 e6 2. c4 Nf6 3. Nc3 Bb4 4. Bg5 h6 5. Bh4 b6 6. f3 Bxc3+ 7. bxc3 d5 8. e4
g5 9. e5 gxh4 10. exf6 Qxf6 11. cxd5 exd5 12. Qe2+ Be6 13. g4 Nd7 14. Qe3 O-O
15. Be2 Rfe8 16. Qf2 Re7 17. Kf1 Rae8 18. Kg2 Nf8 19. Bb5 Bd7 20. Bd3 Ng6 21.
Nh3 Re3 22. Rad1 h5 23. Rhf1 hxg4 24. fxg4 Qxf2+ 25. Nxf2 Nf4+ 26. Kg1 Nxd3 27.
Nxd3 Bxg4 28. Rd2 Be2 0-1

[Event "8. Open de Calvia de Aficionados 2011"]
[Site "Calvià ESP"]
[Date "2011.10.09"]
[Round "2.1"]
[White "Chueca Forcen, Alberto"]
[Black "Juan Mas, Santiago"]
[Result "1-0"]
[WhiteElo "2296"]
[BlackElo "2124"]
[PlyCount "83"]
[EventDate "2011.10.08"]
[EventType "swiss"]
[EventRounds "9"]
[EventCountry "ESP"]
[Source "lmi"]
[SourceDate "2011.10.08"]

1. d4 Nf6 2. c4 c5 3. d5 e6 4. Nc3 d6 5. e4 exd5 6. cxd5 g6 7. f4 Bg7 8. Bb5+
Nfd7 9. Nf3 O-O 10. O-O a6 11. Bd3 b5 12. Kh1 Nb6 13. f5 N8d7 14. Bg5 Qe8 15.
Qd2 f6 16. Bf4 Ne5 17. Nxe5 fxe5 18. Bh6 Ra7 19. a3 Raf7 20. g4 Qe7 21. Bg5 Bf6
22. Be3 gxf5 23. gxf5 Kh8 24. Be2 Rg8 25. Rg1 Rxg1+ 26. Rxg1 Rg7 27. Rxg7 Qxg7
28. Nd1 Bd8 29. Nf2 Nd7 30. Bf3 Qe7 31. Nh3 Qh4 32. Ng5 Kg8 33. Ne6 Bf6 34. Kg2
Be7 35. Qa5 Nf8 36. Qc7 Bxe6 37. dxe6 h6 38. Qc6 Qf6 39. Qxa6 Qg7+ 40. Kf1 Qf6
41. Qxb5 Nxe6 42. Qc4 1-0

[Event "8. Open de Calvia de Aficionados 2011"]
[Site "Calvià ESP"]
[Date "2011.10.09"]
[Round "2.2"]
[White "Rhein, Klaus"]
[Black "Garcia Del Rey, Senen"]
[Result "1/2-1/2"]
[WhiteElo "2126"]
[BlackElo "2295"]
[PlyCount "55"]
[EventDate "2011.10.08"]
[EventType "swiss"]
[EventRounds "9"]
[EventCountry "ESP"]
[Source "lmi"]
[SourceDate "2011.10.08"]

1. e4 c5 2. Nf3 e6 3. c3 Nf6 4. e5 Nd5 5. d4 cxd4 6. cxd4 d6 7. Bc4 Nb6 8. Bb3
dxe5 9. Nxe5 Nc6 10. Nxc6 bxc6 11. O-O Ba6 12. Re1 Be7 13. Be3 O-O 14. Nd2 Rc8
15. Rc1 Bd3 16. Qf3 Nd5 17. Ne4 Bxe4 18. Qxe4 Qb6 19. Rc4 Rfd8 20. Rec1 Rd7 21.
Bd2 Bf6 22. Rc5 g6 23. Bc3 Be7 24. Rc4 Rdc7 25. Ra4 Rd7 26. Rc4 Rdc7 27. Ra4
Rd7 28. Rc4 1/2-1/2

[Event "8. Open de Calvia de Aficionados 2011"]
[Site "Calvià ESP"]
[Date "2011.10.09"]
[Round "2.3"]
[White "Perez Lopez, Jesus Maria"]
[Black "Martinez Vicario, Jose Maria"]
[Result "1-0"]
[WhiteElo "2280"]
[BlackElo "2109"]
[PlyCount "65"]
[EventDate "2011.10.08"]
[EventType "swiss"]
[EventRounds "9"]
[EventCountry "ESP"]
[Source "lmi"]
[SourceDate "2011.10.08"]

1. Nf3 f5 2. c4 Nf6 3. Nc3 g6 4. d4 Bg7 5. b4 O-O 6. Qb3 h6 7. g3 d6 8. Bg2 Qe8
9. Bb2 a5 10. a3 axb4 11. axb4 Rxa1+ 12. Bxa1 e5 13. dxe5 dxe5 14. O-O Nc6 15.
Nd5 Nxd5 16. cxd5 Qf7 17. Rb1 Nd4 18. Nxd4 exd4 19. Qc4 b5 20. Qc5 d3 21. Bxg7
Qxg7 22. exd3 f4 23. Rc1 fxg3 24. hxg3 Qb2 25. Rf1 Bf5 26. Be4 Qe2 27. Qe3 Qh5
28. Bf3 Qh3 29. Rc1 Bd7 30. Rxc7 Re8 31. Be4 g5 32. Qb6 Bf5 33. Qf6 1-0

[Event "8. Open de Calvia de Aficionados 2011"]
[Site "Calvià ESP"]
[Date "2011.10.09"]
[Round "2.4"]
[White "Hallerod, Ralph"]
[Black "Matthiesen, Martin"]
[Result "1-0"]
[WhiteElo "2122"]
[BlackElo "2277"]
[PlyCount "185"]
[EventDate "2011.10.08"]
[EventType "swiss"]
[EventRounds "9"]
[EventCountry "ESP"]
[Source "lmi"]
[SourceDate "2011.10.08"]

1. d4 Nf6 2. c4 g6 3. Nc3 Bg7 4. e4 d6 5. f3 O-O 6. Be3 c5 7. dxc5 dxc5 8. Qxd8
Rxd8 9. Bxc5 Nc6 10. Nge2 Nd7 11. Ba3 Nde5 12. Nf4 Nd4 13. O-O-O Bh6 14. Kb1
Bxf4 15. Bxe7 Rd7 16. Nd5 Ndc6 17. Nf6+ Kg7 18. Nxd7 Bxd7 19. Bd6 Be6 20. b3
Bh6 21. Be2 f5 22. exf5 Bxf5+ 23. Kb2 Nf7 24. Bc5 Bf4 25. Bd3 Bxd3 26. Rxd3 Re8
27. g3 Re2+ 28. Kb1 Be5 29. Ba3 a5 30. f4 Bf6 31. Bc1 Nfd8 32. Rd7+ Kf8 33. h4
h5 34. Rhd1 Ke8 35. R7d2 Re4 36. Bb2 Bxb2 37. Kxb2 Ne6 38. Rd7 b6 39. R7d6 Nb4
40. a3 Na6 41. R1d2 Re3 42. R6d3 Re4 43. Rf3 Nd4 44. Rfd3 Ne6 45. Kc3 Nac5 46.
Rf3 Re1 47. Kc2 Ne4 48. Rd1 Rxd1 49. Kxd1 Kd7 50. f5 Nd4 51. Re3 gxf5 52. Kc1
Ke6 53. b4 axb4 54. axb4 Nc6 55. Rb3 Ke5 56. Kb2 Nd2 57. Rd3 Nxc4+ 58. Kc3 Nd6
59. Re3+ Kf6 60. Rd3 Ke6 61. Re3+ Kf6 62. Rd3 Ne4+ 63. Kb3 b5 64. Rd5 Ke6 65.
Rd3 Ke5 66. Ka3 Nd4 67. Kb2 Kd5 68. Re3 Kc4 69. g4 Kd5 70. gxh5 Nf6 71. h6 Nc6
72. Rc3 f4 73. Rc5+ Kd6 74. Rf5 Ke6 75. Rxf4 Ne5 76. Rf1 Neg4 77. Ra1 Kd5 78.
Rc1 Nxh6 79. Rc5+ Kd6 80. Rxb5 Nhg4 81. Rg5 Ne5 82. h5 Nh7 83. Rg7 Nf6 84. h6
Kc6 85. h7 Nxh7 86. Rxh7 Nc4+ 87. Kc3 Na3 88. Rh6+ Kb7 89. Kd4 Nb1 90. Kc5 Nc3
91. b5 Na4+ 92. Kb4 Nb2 93. Rd6 1-0

[Event "8. Open de Calvia de Aficionados 2011"]
[Site "Calvià ESP"]
[Date "2011.10.09"]
[Round "2.5"]
[White "Sanchez Jerez, Emilio Miguel"]
[Black "Obers, Frits"]
[Result "1/2-1/2"]
[WhiteElo "2275"]
[BlackElo "2105"]
[PlyCount "66"]
[EventDate "2011.10.08"]
[EventType "swiss"]
[EventRounds "9"]
[EventCountry "ESP"]
[Source "lmi"]
[SourceDate "2011.10.08"]

1. d4 Nf6 2. Nc3 d5 3. Bg5 Nbd7 4. Nf3 c6 5. e3 g6 6. Bd3 Bg7 7. O-O O-O 8. h3
Re8 9. Bf4 Nh5 10. Bh2 e5 11. dxe5 Nxe5 12. Nxe5 Bxe5 13. Bxe5 Rxe5 14. Re1 Nf6
15. Qf3 Bf5 16. Qg3 Qe7 17. f4 Nh5 18. Qf3 Be4 19. Bxe4 dxe4 20. Qe2 Re6 21.
Qc4 Ng3 22. Rad1 Rd8 23. Rxd8+ Qxd8 24. Rd1 Qb6 25. Qd4 Qxb2 26. Qd8+ Kg7 27.
Qd4+ Kh6 28. Kh2 Nf5 29. Qh8 Qxc2 30. Qf8+ Ng7 31. Qc5 Nf5 32. Qf8+ Ng7 33. Qc5
Nf5 1/2-1/2

[Event "8. Open de Calvia de Aficionados 2011"]
[Site "Calvià ESP"]
[Date "2011.10.09"]
[Round "2.6"]
[White "Planas Gene, Juan"]
[Black "Navarro Ortiz De Ortuno, Borja"]
[Result "0-1"]
[WhiteElo "2105"]
[BlackElo "2275"]
[PlyCount "104"]
[EventDate "2011.10.08"]
[EventType "swiss"]
[EventRounds "9"]
[EventCountry "ESP"]
[Source "lmi"]
[SourceDate "2011.10.08"]

1. d4 e6 2. e4 d5 3. exd5 exd5 4. Nf3 Nc6 5. c4 Nf6 6. Nc3 Be7 7. cxd5 Nxd5 8.
Bc4 Nb6 9. Bb3 O-O 10. h3 Bf5 11. O-O Na5 12. Bc2 Bxc2 13. Qxc2 Nc6 14. Rd1 Nb4
15. Qe4 N4d5 16. Ne5 c6 17. Ng4 Bg5 18. f4 Be7 19. Ne3 Re8 20. Nexd5 Nxd5 21.
Nxd5 Qxd5 22. Qxd5 cxd5 23. Be3 Bf6 24. Kf2 Re4 25. Rac1 Rae8 26. Rc3 Bd8 27.
Rdd3 Bb6 28. Kf3 Kf8 29. a4 R4e7 30. a5 Bd8 31. Rc5 Rd7 32. Bd2 b6 33. axb6
Bxb6 34. Rb5 Re4 35. Bb4+ Ke8 36. Bc5 Bc7 37. g3 a6 38. Rbb3 h5 39. Re3 f5 40.
Ra3 a5 41. g4 hxg4+ 42. hxg4 g6 43. gxf5 gxf5 44. b4 axb4 45. Bxb4 Rh7 46. Ra8+
Kd7 47. Rxe4 dxe4+ 48. Kg3 Rg7+ 49. Kf2 Rg4 50. Bd2 Bxf4 51. Be3 Bg3+ 52. Ke2
f4 0-1

[Event "8. Open de Calvia de Aficionados 2011"]
[Site "Calvià ESP"]
[Date "2011.10.09"]
[Round "2.7"]
[White "Scharrer, Patrick"]
[Black "Castell Cantero, Salvador"]
[Result "1-0"]
[WhiteElo "2269"]
[BlackElo "2095"]
[PlyCount "87"]
[EventDate "2011.10.08"]
[EventType "swiss"]
[EventRounds "9"]
[EventCountry "ESP"]
[Source "lmi"]
[SourceDate "2011.10.08"]

1. e4 c5 2. Nf3 g6 3. d4 cxd4 4. Nxd4 Nc6 5. c4 Bg7 6. Be3 Nf6 7. Nc3 O-O 8.
Be2 d6 9. O-O a5 10. f3 Nd7 11. Ndb5 Nc5 12. Qd2 Be6 13. Nd5 Rc8 14. Rad1 b6
15. b3 f5 16. exf5 Rxf5 17. f4 Rf7 18. Nd4 Bd7 19. Bf3 e6 20. Nc3 Nxd4 21. Bxd4
Bh6 22. Be3 Bc6 23. Bxc5 bxc5 24. Qxd6 Qe8 25. Bxc6 Rxc6 26. Qd8 Kf8 27. Qh4
Kg7 28. Rd8 Qe7 29. Qxe7 Rxe7 30. g3 g5 31. fxg5 Bxg5 32. Ne4 Be3+ 33. Kg2 Bd4
34. Ra8 Rcc7 35. Rxa5 Ra7 36. Rxa7 Rxa7 37. a4 Rb7 38. Rf3 Kg6 39. Kf1 e5 40.
Ke2 Rb6 41. Kd1 Kh5 42. h3 Kg6 43. Kc2 Ra6 44. Rf8 1-0

[Event "8. Open de Calvia de Aficionados 2011"]
[Site "Calvià ESP"]
[Date "2011.10.09"]
[Round "2.8"]
[White "Mercant Simo, Jaime"]
[Black "Donovan, Linton"]
[Result "1/2-1/2"]
[WhiteElo "2083"]
[BlackElo "2262"]
[PlyCount "76"]
[EventDate "2011.10.08"]
[EventType "swiss"]
[EventRounds "9"]
[EventCountry "ESP"]
[Source "lmi"]
[SourceDate "2011.10.08"]

1. e4 e6 2. d4 d5 3. Bd3 dxe4 4. Bxe4 Nf6 5. Bf3 c5 6. Ne2 Nc6 7. Be3 e5 8.
Bxc6+ bxc6 9. dxe5 Qxd1+ 10. Kxd1 Ng4 11. Nd2 Nxe5 12. h3 Ba6 13. f4 Nc4 14.
Nxc4 Bxc4 15. Ke1 O-O-O 16. Kf2 Be7 17. Rhe1 Rhe8 18. Rad1 Bh4+ 19. g3 Rxd1 20.
Rxd1 Bxe2 21. Kxe2 Bxg3 22. Kf3 Bh4 23. Bxc5 Bf6 24. Bxa7 Bxb2 25. Rb1 Ba3 26.
Rb8+ Kd7 27. Rxe8 Kxe8 28. Ke4 Kd7 29. Bd4 g6 30. Ke5 Ke7 31. f5 Bd6+ 32. Ke4
Ba3 33. Be5 g5 34. Bc3 h5 35. Bd2 f6 36. Be3 Kf7 37. Bd4 Ke8 38. Bc3 Kf7
1/2-1/2

[Event "8. Open de Calvia de Aficionados 2011"]
[Site "Calvià ESP"]
[Date "2011.10.09"]
[Round "2.9"]
[White "Rodriguez Fontecha, Marcos"]
[Black "Grichkevitch, Gilles"]
[Result "1-0"]
[WhiteElo "2244"]
[BlackElo "2081"]
[PlyCount "59"]
[EventDate "2011.10.08"]
[EventType "swiss"]
[EventRounds "9"]
[EventCountry "ESP"]
[Source "lmi"]
[SourceDate "2011.10.08"]

1. d4 Nf6 2. Nf3 g6 3. Bg5 Bg7 4. c3 O-O 5. Nbd2 d6 6. e4 h6 7. Bh4 Qe8 8. Be2
e5 9. dxe5 dxe5 10. O-O Nh5 11. Re1 b6 12. a4 a5 13. Qc2 Bb7 14. Nc4 Nd7 15. b4
Nf4 16. Bf1 Kh8 17. Ne3 Nf6 18. Bxf6 Bxf6 19. g3 Nh5 20. Nd2 Bg7 21. Nec4 f5
22. bxa5 fxe4 23. axb6 cxb6 24. Nd6 Qc6 25. Nxb7 Qxb7 26. Bg2 Rac8 27. Bxe4 Qf7
28. Re2 Kh7 29. Nf3 Bf6 30. Rb1 1-0